|
|
|
|
| LEADER |
00000cam a2200000 7i4500 |
| 001 |
0000007050 |
| 005 |
20151222.0 |
| 008 |
070828 |
| 020 |
|
|
|a 9831283384
|
| 090 |
0 |
0 |
|a JF
|b MOR JAW (6901)
|
| 245 |
0 |
0 |
|a Iri hati
|
| 260 |
|
|
|a Kuala Lumpur :
|b Penerbitan Fargoes ,
|c 2005
|
| 440 |
|
|
|a Cerita nasihat
|
| 500 |
|
|
|a Children ages 7-9 years old (orange)
|
| 650 |
|
0 |
|a Junior fiction
|x jawi
|
| 650 |
|
0 |
|a Moral
|
| 999 |
|
|
|a 0000899817
|b Book
|c Children Collection
|e Cawangan Tmn. Ungku Tun Aminah
|
| 999 |
|
|
|a 0000899818
|b Book
|c Children Collection
|e Cawangan Tmn. Ungku Tun Aminah
|
| 999 |
|
|
|a 0000899821
|b Book
|c Children Collection
|e Cawangan Tangkak
|
| 999 |
|
|
|a 0000899825
|b Book
|c Children Collection
|e Cawangan Mersing
|
| 999 |
|
|
|a 0000899826
|b Book
|c Children Collection
|e Cawangan Mersing
|
| 999 |
|
|
|a 0000988413
|b Book
|c Children Collection
|e Perbadanan Perpustakaan Awam Johor
|
| 999 |
|
|
|a 0000988414
|b Book
|c Children Collection
|e Cawangan Urban Transformation Centre
|
| 999 |
|
|
|a 0000988415
|b Book
|c Children Collection
|e Cawangan Kota Tinggi
|
| 999 |
|
|
|a 0000988416
|b Book
|c Children Collection
|e Perbadanan Perpustakaan Awam Johor
|
| 999 |
|
|
|a 0001215017
|b Book
|c Children Collection
|e Cawangan Taman Universiti
|
| 999 |
|
|
|a 0001215018
|b Book
|c Children Collection
|e Cawangan Tangkak
|
| 999 |
|
|
|a 0001215019
|b Book
|c Children Collection
|e Cawangan Bukit Gambir
|
| 999 |
|
|
|a 0001215020
|b Book
|c Children Collection
|e Cawangan Pontian
|
| 999 |
|
|
|a 0001215021
|b Book
|c Children Collection
|e Cawangan Segamat
|
| 999 |
|
|
|a 0001215022
|b Book
|c Children Collection
|e Cawangan Tmn. Ungku Tun Aminah
|
| 999 |
|
|
|a 0001215023
|b Book
|c Children Collection
|e Cawangan Taman Universiti
|
| 999 |
|
|
|a 0001215029
|b Book
|c Children Collection
|e Cawangan Kota Tinggi
|
| 999 |
|
|
|a 0001215030
|b Book
|c Children Collection
|e Cawangan Mersing
|